La Extinción : (Registro nro. 5694)
[ vista simple ]
| 000 -CABECERA | |
|---|---|
| Campo de control | 00818nam a2200265 a 4500 |
| 005 - FECHA Y HORA DE LA ULTIMA TRANSACCION | |
| Campo de control | 20191224041813.0 |
| 008 - ELEMENTOS DE LONGITUD FIJA—INFORMACION GENERAL | |
| Campo de control | 160129s2006 ve a gr|||| 00| 0 spa d |
| 020 ## - ISBN | |
| ISBN | 9802182680 |
| 040 ## - FUENTE DE CATALOGACIÓN | |
| Agencia catalogadora original | CO-BoIAVH |
| Agencia transcriptora | CO-BoIAVH |
| 041 ## - IDIOMA | |
| Código de idioma para texto/pista de sonido o título separado | Español |
| 044 ## - PAÍS DE PUBLICACIÓN | |
| País de publicación | Venezuela |
| 082 04 - NUMERO DE CLASIFICACION DECIMAL DEWEY | |
| Número de clasificación | 578.68 |
| Número del ítem | A81e |
| 100 1# - ASIENTO PRINCIPAL--NOMBRE PERSONAL | |
| Nombre personal | Ascanio Vernet, Rafael |
| 9 (RLIN) | 55478 |
| 245 13 - MENCION DE TITULO | |
| Título | La Extinción : |
| Parte restante del título | fauna venezolana en peligro |
| 260 ## - PUBLICACION, DISTRIBUCION, ETC. (PIE DE IMPRENTA) | |
| Lugar de publicación, distribución, etc. | Caracas : |
| Nombre del editor, distribuidor, etc. | CENAMEC, |
| Fecha de publicación, distribución, etc. | 2006. |
| 300 ## - DESCRIPCION FISICA | |
| Extensión | 64 páginas : |
| Otros detalles físicos | Ilustraciones ; |
| Dimensiones | 20 x 21 cm. |
| 650 #6 - ASIENTO SECUNDARIO DE MATERIA - TERMINO TEMATICO | |
| Término temático o nombre geográfico como elemento de entrada | Especies en peligro de extinción |
| 9 (RLIN) | 255 |
| 650 #6 - ASIENTO SECUNDARIO DE MATERIA - TERMINO TEMATICO | |
| Término temático o nombre geográfico como elemento de entrada | Conservación de fauna |
| 9 (RLIN) | 4359 |
| 650 #6 - ASIENTO SECUNDARIO DE MATERIA - TERMINO TEMATICO | |
| Término temático o nombre geográfico como elemento de entrada | Pérdida de hábitat |
| 9 (RLIN) | 21079 |
| 662 ## - ASIENTO SECUNDARIO DE MATERIA - JERARQUIA DEL NOMBRE DE LUGAR( | |
| País o entidad mayor | Venezuela |
| 700 1# - ASIENTO SECUNDARIO - NOMBRE PERSONAL | |
| Nombre personal | Silvera, Aura Cristina |
| 9 (RLIN) | 55481 |
| 700 1# - ASIENTO SECUNDARIO - NOMBRE PERSONAL | |
| Nombre personal | Navarrete, Luis Fernando |
| 9 (RLIN) | 55482 |
| 700 1# - ASIENTO SECUNDARIO - NOMBRE PERSONAL | |
| Nombre personal | Machado Allison, Antonio |
| 9 (RLIN) | 20642 |
| 942 ## - ELEMENTOS ADICIONALES (KOHA) | |
| Tipo de ítem | Libro |
| Sistema de clasificación | Dewey Decimal Classification |
| Withdrawn status | Lost status | Sistema de Clasificación | Damaged status | No para préstamo | Colección | Inventariado | Ubicación Permanente | Ubicación actual | Fecha de adquisición | Fuente de Valor | Valor | Total Checkouts | Número topográfico | Inventario / Código de Barras | Date last seen | Ejemplar | Price effective from | Forma de adquisición | Tipo de material |
|---|---|---|---|---|---|---|---|---|---|---|---|---|---|---|---|---|---|---|---|
| Dewey Decimal Classification | General | Inventariado 2017 | Bogotá | Bogotá | 18/07/2007 | Instituto | 20000.00 | LB-578.68 A81e | 024757 | 04/12/2012 | Ej.1 | 04/12/2012 | Libro |